Loading...
| Fine Arts - Painting and Sculpture | 0 | 5 | 1 | 1 | 45 | 70 | 89.20 | 1 | 2 | 14.96 | 31.09 |
| History - Other | 0 | 4 | 0 | 1 | 40 | 36 | 96.50 | 0 | 1 | 8.82 | 16.36 |
| Religion | 0 | 4 | 0 | 1 | 40 | 66 | 98.00 | 0 | 3 | 6.88 | 23.18 |
| Other Academic | 0 | 3 | 0 | 0 | 30 | 16 | 69.33 | 1 | 1 | 44.52 | 70.00 |
| Social Science | 0 | 3 | 1 | 0 | 25 | 53 | 76.67 | 1 | 2 | 9.32 | 21.82 |
| Mythology | 0 | 3 | 1 | 0 | 25 | 35 | 74.00 | 0 | 1 | 13.14 | 17.36 |
| History - European | 0 | 2 | 0 | 1 | 20 | 88 | 109.50 | 0 | 0 | 3.13 | 6.36 |
| Literature - British | 0 | 1 | 0 | 0 | 10 | 64 | 64.00 | 0 | 1 | 5.22 | 8.00 |
| Fine Arts - Classical Music | 0 | 1 | 0 | 0 | 10 | 87 | 87.00 | 0 | 0 | 2.81 | 5.00 |
| History - American | 0 | 2 | 2 | 0 | 10 | 49 | 56.00 | 0 | 1 | 10.17 | 11.09 |
| History - World | 0 | 1 | 0 | 0 | 10 | 87 | 87.00 | 0 | 0 | 3.04 | 7.27 |
| Geography | 0 | 1 | 0 | 0 | 10 | 92 | 92.00 | 0 | 0 | 14.89 | 31.82 |
| Science - Other | 0 | 1 | 0 | 1 | 10 | 118 | 118.00 | 0 | 1 | 0.48 | 8.18 |
| Philosophy | 0 | 1 | 1 | 0 | 5 | 97 | 97.00 | 0 | 0 | 2.05 | 3.00 |
| Science - Physics | 0 | 0 | 2 | 0 | -10 | 0.00 | 0 | 0 | 0.00 | 0.00 | |
| Science - Biology | 0 | 0 | 2 | 0 | -10 | 0.00 | 0 | 0 | 0.00 | 0.00 |